Every Mega Pokémon - Statistics

General Stats
  • This quiz has been taken 44 times
  • The average score is 26 of 48
Answer Stats
Region Type 1 Type 2 Mega Pokémon % Correct
Fire Dragon Mega Charizard X
97%
Fire Flying Mega Charizard Y
97%
Water Mega Blastoise
93%
Kanto Grass Poison Mega Venusaur
87%
Ghost Poison Mega Gengar
83%
Bug Poison Mega Beedrill
80%
Normal Flying Mega Pidgeot
77%
Psychic Fighting Mega Mewtwo X
73%
Rock Flying Mega Aerodactyl
70%
Psychic Mega Alakazam
67%
Psychic Mega Mewtwo Y
67%
Bug Flying Mega Pinsir
67%
Water Psychic Mega Slowbro
67%
Steel Ground Mega Steelix
67%
Water Dark Mega Gyarados
63%
Fire Fighting Mega Blaziken
60%
Johto Electric Dragon Mega Ampharos
57%
Psychic Fairy Mega Gardevoir
57%
Dragon Flying Mega Rayquaza
57%
Normal Mega Kangaskhan
53%
Hoenn Grass Dragon Mega Sceptile
53%
Sinnoh Dragon Ground Mega Garchomp
50%
Steel Fairy Mega Mawile
50%
Steel Psychic Mega Metagross
50%
Bug Steel Mega Scizor
50%
Rock Dark Mega Tyranitar
50%
Bug Fighting Mega Heracross
47%
Dark Fire Mega Houndoom
47%
Dragon Psychic Mega Latias
47%
Dragon Psychic Mega Latios
47%
Water Ground Mega Swampert
47%
Psychic Fighting Mega Gallade
43%
Fighting Steel Mega Lucario
43%
Electric Mega Manectric
40%
Ghost Dark Mega Sableye
40%
Dragon Flying Mega Salamence
40%
Water Dark Mega Sharpedo
40%
Grass Ice Mega Abomasnow
37%
Dark Mega Absol
37%
Dragon Fairy Mega Altaria
37%
Fire Ground Mega Camerupt
37%
Ice Mega Glalie
37%
Fighting Psychic Mega Medicham
37%
Normal Fairy Mega Audino
33%
Ghost Mega Banette
33%
Steel Mega Aggron
27%
Normal Fighting Mega Lopunny
27%
Rock Fairy Mega Diance
7%
No matching quizzes found
Score Distribution
Percent of People with Each Score
Percentile by Number Answered
Your Score History
You have not taken this quiz